000 00537nam a2200193Ia 4500
005 20250508150723.0
008 008 250505s9999 xx 000 0 eng d
037 _aTextual
040 _aFEDL
_beng
_cFEDL
041 _aeng
_2eng
084 _a551, TAR
_qFEDL
100 _aTarr Ralph S
_9345838
245 0 _aNew physical geography
260 _aNew Delhi, India
_bThe Macmillan Company
_c1946
300 _axi,688p.
700 _a Engeln O. D. von
_9757455
942 _cTEXL
_h551, TAR
999 _c1325254
_d1325254